Nové trendy v európskej priemyselnej politike
Od selektívnej k maticovej a systémovej priemyselnej politike v Európskej únii. Znalostne orientovaná priemyselná politika. Vybrané teoretické východiská znalostne orientovanej priemyselnej politiky. Zmeny v pôsobení štátu v znalostne orientovanej priemyselnej politike. Tradičná verzus znalostne ori...
Salvato in:
| Autore principale: | |
|---|---|
| Natura: | Capitolo di libro |
| Lingua: | slovacco |
| Soggetti: | |
| Tags: |
Nessun Tag, puoi essere il primo ad aggiungerne!!
|
MARC
| LEADER | 00000naa a2200000 4500 | ||
|---|---|---|---|
| 001 | 0124055 | ||
| 005 | 20231102114622.4 | ||
| 041 | 0 | |a slo | |
| 044 | |a SK | ||
| 245 | 1 | 0 | |a Nové trendy v európskej priemyselnej politike |c Herta Gabrielová |
| 520 | |a Od selektívnej k maticovej a systémovej priemyselnej politike v Európskej únii. Znalostne orientovaná priemyselná politika. Vybrané teoretické východiská znalostne orientovanej priemyselnej politiky. Zmeny v pôsobení štátu v znalostne orientovanej priemyselnej politike. Tradičná verzus znalostne orientovaná priemyselná politika. Úlohy a ciele štátu. Nástroje znalostne orientovanej priemyselnej politiky. | ||
| 610 | 2 | 0 | |a inovácia |
| 610 | 2 | 0 | |a politika priemyselná |
| 610 | 2 | 0 | |a Európska únia |
| 610 | 2 | 0 | |a konkurencia |
| 610 | 2 | 0 | |a vedomosti |
| 610 | 2 | 0 | |a riadenie znalostí |
| 100 | 1 | |a Gabrielová, Herta | |